La coppia

Đã lưu trong:
Chi tiết về thư mục
Định dạng: Sách
Ngôn ngữ:Tiếng Anh
Các nhãn: Thêm thẻ
Không có thẻ, Là người đầu tiên thẻ bản ghi này!

MARC

LEADER 00000nam a2200000 4500
001 CDOM0000002573
003 mi
005 20251006145502.0
008 251006b |||||||| |||| 00| 0 eng d
040 |c mi 
245 1 |a La coppia  
942 |2 ddc  |c BK 
952 |0 0  |1 0  |2 ddc  |4 0  |7 0  |9 6067  |a MI  |b MI  |d 1987-12-19  |i 743  |l 0  |p CDOM743  |r 2025-07-13 16:28:00  |w 2025-07-13  |x ACQUISTO  |y BK 
999 |c 4845  |d 4845